<?xml version="1.0" encoding="UTF-8"?>
<record
    xmlns:xsi="http://www.w3.org/2001/XMLSchema-instance"
    xsi:schemaLocation="http://www.loc.gov/MARC21/slim http://www.loc.gov/standards/marcxml/schema/MARC21slim.xsd"
    xmlns="http://www.loc.gov/MARC21/slim">

  <leader>01680nam a22002417a 4500</leader>
  <controlfield tag="003">OSt</controlfield>
  <controlfield tag="005">20200907131936.0</controlfield>
  <controlfield tag="008">200907b1979    sp ||||gr ||| 00| 0 spa d</controlfield>
  <datafield tag="020" ind1=" " ind2=" ">
    <subfield code="a">9684331150</subfield>
  </datafield>
  <datafield tag="040" ind1=" " ind2=" ">
    <subfield code="a">CO-JMCR</subfield>
    <subfield code="c">CO-JMCR</subfield>
  </datafield>
  <datafield tag="041" ind1="0" ind2=" ">
    <subfield code="a">spa</subfield>
  </datafield>
  <datafield tag="082" ind1="0" ind2="4">
    <subfield code="a">365.6 / </subfield>
    <subfield code="b">B412i</subfield>
    <subfield code="2">23</subfield>
  </datafield>
  <datafield tag="100" ind1="1" ind2=" ">
    <subfield code="a">Bedoya, Jose Raul, </subfield>
    <subfield code="e">autor</subfield>
    <subfield code="9">9894</subfield>
  </datafield>
  <datafield tag="245" ind1="1" ind2="0">
    <subfield code="a">Infierno entre rejas / </subfield>
    <subfield code="c">Jose Raul Bedoya</subfield>
  </datafield>
  <datafield tag="260" ind1=" " ind2=" ">
    <subfield code="a">Espa&#xF1;a : </subfield>
    <subfield code="b">Posada, </subfield>
    <subfield code="c">1979.</subfield>
  </datafield>
  <datafield tag="300" ind1=" " ind2=" ">
    <subfield code="a">243 p&#xE1;ginas ; </subfield>
    <subfield code="c">19 cm.</subfield>
  </datafield>
  <datafield tag="505" ind1="0" ind2=" ">
    <subfield code="a">Mi ni&#xF1;ez. -- La captura. -- Primera etapa. -- Iniciaci&#xF3;n en las movidas chuecas. -- La c&#xE1;rcel de Cali. -- La c&#xE1;rcel de Armenia y el suicidio de mi socio. -- Reanudaci&#xF3;n del contrabando de armas. -- La c&#xE1;rcel nacional Modelo. -- La c&#xE1;rcel Municipal. -- La penitenciar&#xED;a central la Picota. -- Fuga de la Picota. -- Primer viaje a Sudam&#xE9;rica. -- La c&#xE1;rcel de Popay&#xE1;n. -- La fuga de Popay&#xE1;n. -- Segundo viaje a Sudam&#xE9;rica. -- Viaje a Miami. -- Miami. -- Llegada a M&#xE9;xico. -- Negocios de licores en M&#xE9;xico. -- Negocios de autom&#xF3;viles. -- Primera entrada en el penal de Lecumberri. -- La fatal presentaci&#xF3;n del venezolano. -- Mi captura. -- La guarida de las hienas. -- El Palacio Negro de Lecumberri. -- Casos incre&#xED;bles, pero ciertos. -- La penitenciar&#xED;a de Sta. Marta Acatitla. Mi libertad.  </subfield>
  </datafield>
  <datafield tag="520" ind1="0" ind2=" ">
    <subfield code="a">Contrabandista de armas, cerebro de una organizaci&#xF3;n que falsifica licores y hombre clave en el hampa sudamericana, Jos&#xE9; Ra&#xED;l Bedoya paso la mitad de su vida en varias c&#xE1;rceles sudamericanas.</subfield>
  </datafield>
  <datafield tag="650" ind1="2" ind2="4">
    <subfield code="a">Prisiones</subfield>
    <subfield code="z">Am&#xE9;rica latina.</subfield>
    <subfield code="9">9895</subfield>
  </datafield>
  <datafield tag="650" ind1="2" ind2="4">
    <subfield code="a">Delitos</subfield>
    <subfield code="z">Am&#xE9;rica Latina.</subfield>
    <subfield code="9">9896</subfield>
  </datafield>
  <datafield tag="650" ind1="2" ind2="4">
    <subfield code="a">Crimen y delincuentes </subfield>
    <subfield code="z">Am&#xE9;rica latina.</subfield>
    <subfield code="9">9897</subfield>
  </datafield>
  <datafield tag="942" ind1=" " ind2=" ">
    <subfield code="2">ddc</subfield>
    <subfield code="c">BK</subfield>
  </datafield>
  <datafield tag="999" ind1=" " ind2=" ">
    <subfield code="c">6823</subfield>
    <subfield code="d">6823</subfield>
  </datafield>
  <datafield tag="952" ind1=" " ind2=" ">
    <subfield code="0">0</subfield>
    <subfield code="1">0</subfield>
    <subfield code="2">ddc</subfield>
    <subfield code="4">0</subfield>
    <subfield code="7">0</subfield>
    <subfield code="a">CPL</subfield>
    <subfield code="b">CPL</subfield>
    <subfield code="c">GEN</subfield>
    <subfield code="d">2018-04-15</subfield>
    <subfield code="e">Donaci&#xF3;n</subfield>
    <subfield code="l">1</subfield>
    <subfield code="o">365.6 / B412i</subfield>
    <subfield code="p">201809826</subfield>
    <subfield code="r">2024-05-16 00:00:00</subfield>
    <subfield code="s">2024-04-15</subfield>
    <subfield code="t">Ej.1</subfield>
    <subfield code="w">2018-04-15</subfield>
    <subfield code="y">BK</subfield>
  </datafield>
</record>
